00793nam a2200241Ia 4500003000400000005001700004008004100021020002200062040000700084041000800091082001600099100004400115245004200159260004700201300001600248365001300264650002000277650003000297906005100327942001200378999001900390952014200409OSt20230509104844.0210423s2014 xx 000 0 und d a978-93-325-1147-7 cAL aeng a032.02 THOP aTHORPE (Edgar);THORPE (Showick)9100450 aPearson general knowledge manual 2014 aNew DelhibPearson Education Pvt Ltdc2014 axvi,278bPB b599cINR aGeneral9100451 aGeneral Knowledge9100452 a2014. ; general ; knowledge ; manual ; Pearson 2ddccBK c165560d165560 001040708MAJMCaSACPGbSACPGd2013-02-17eHigginbothams Pvt Ltdg599.00l0o032.02 THOPpPG012058r2022-08-24 00:00:00w2021-04-26yBK